01311nam a2200313 i 4500001001100000003000500011005001700016008004100033040002500074082001700099090002200116100003500138245004300173264008800216300004500304336002100349337002500370338002300395500004100418650002100459942001000480999001700490952008100507952008100588952008300669952008300752952008100835952008100916C2-0107240PPAK20180727102200.0970617s my a|||| ||||| | may d aPPAKbengcPPAKerda04a959.511222300a959.5112bMOHdKK0 aMohd. Salim Abdullah, eauthor10aSejarah Menara Jam Besar Sungai Petani 1aPulau Pinang : bUniversiti Sains Malaysia , c[date of publication not identified] aiv, 45 pages : billustrations ; c30 cm 2rdacontentatext 2rdamediaaunmediated 2rdacarrieravolume aKertas projek ; Tidak boleh fotokopi10aKedah - History. ddccB c26305d26305 0071bMRcKKd2008-04-23oKK 959.5112 MOHpA00159979r2018-05-08 00:00:00yB 0071bSPcKKd2013-03-14oKK 959.5112 MOHpA00365744r2018-05-08 00:00:00yB 0071bPPAKcKKd1999-08-26oKK 959.5112 MOHpA00154727r2018-05-08 00:00:00yB 0071bPPAKcKKd1999-08-26oKK 959.5112 MOHpA00154723r2018-05-08 00:00:00yB 0071bSPcKKd2005-02-03oKK 959.5112 MOHpA00431227r2018-05-08 00:00:00yB 0071bSPcKKd2005-02-15oKK 959.5112 MOHpA00431232r2018-05-08 00:00:00yB